[Event "SERBIA CHESS OPEN 2021 – MASTERS"]
[Site "Belgrade, Hotel Metropol"]
[Date "2021.07.05"]
[Round "5.129"]
[White "Ravic, Nenad"]
[Black "Tyurin, Artem"]
[Result "1-0"]
[WhiteElo "2235"]
[BlackElo "2106"]
[PlyCount "63"]
[EventDate "2021.??.??"]

1. e4 c6 2. d4 d5 3. e5 c5 4. dxc5 e6 5. Nf3 Bxc5 6. Bd3 Nc6 7. a3 Nge7 8. b4
Bb6 9. O-O Ng6 10. Bxg6 fxg6 11. Bb2 O-O 12. Nbd2 g5 13. h3 Rf4 14. Qe2 h5 15.
g3 Rf5 16. Kg2 d4 17. Rad1 g4 18. hxg4 hxg4 19. Nh4 Rxe5 20. Qxg4 Rg5 21. Qe2
Qd5+ 22. Nhf3 Rg4 23. c4 Qh5 24. b5 e5 25. Rh1 Bd7 26. Rde1 e4 27. bxc6 Bxc6
28. Nxd4 Bxd4 29. Bxd4 e3+ 30. Nf3 Qf7 31. fxe3 Rf8 32. Ref1 1-0

[Event "SERBIA CHESS OPEN 2021 – MASTERS"]
[Site "Belgrade, Hotel Metropol"]
[Date "2021.07.05"]
[Round "5.130"]
[White "Lever, Erwan"]
[Black "Herega, Nejc"]
[Result "1/2-1/2"]
[WhiteElo "2231"]
[BlackElo "2099"]
[PlyCount "46"]
[EventDate "2021.??.??"]

1. d4 d5 2. c4 e6 3. Nf3 c5 4. cxd5 exd5 5. Bg5 Be7 6. Bxe7 Nxe7 7. dxc5 Nbc6
8. e3 Qa5+ 9. Nc3 Qxc5 10. Bb5 O-O 11. Bxc6 bxc6 12. O-O Rb8 13. Rc1 Bg4 14.
Na4 Qd6 15. b3 Rb5 16. h3 Bh5 17. g4 Bg6 18. Qd4 Be4 19. Qe5 Qh6 20. Qg3 Bxf3
21. Qxf3 f5 22. Qg3 fxg4 23. hxg4 d4 1/2-1/2

[Event "SERBIA CHESS OPEN 2021 – MASTERS"]
[Site "Belgrade, Hotel Metropol"]
[Date "2021.07.05"]
[Round "5.131"]
[White "Grezels, Florian"]
[Black "Andreev, Stanislav"]
[Result "0-1"]
[WhiteElo "2219"]
[BlackElo "2101"]
[PlyCount "106"]
[EventDate "2021.??.??"]

1. e4 c6 2. d4 d5 3. e5 Bf5 4. Nc3 e6 5. g4 Bg6 6. Nge2 c5 7. h4 h5 8. Nf4 Bh7
9. Nxh5 Nc6 10. dxc5 Bxc5 11. Bb5 Qc7 12. Bxc6+ Qxc6 13. Qf3 O-O-O 14. Be3 Bb4
15. Bd4 Be4 16. Qh3 Bxh1 17. Qxh1 Ne7 18. O-O-O Qc4 19. b3 Qa6 20. Nb1 Nc6 21.
Bb2 Qe2 22. Qg2 Bc5 23. Nc3 Qxf2 24. Qxf2 Bxf2 25. Rf1 Bd4 26. Rxf7 Nxe5 27.
Rxg7 Rxh5 28. gxh5 Nd3+ 29. cxd3 Bxg7 30. Kc2 Rh8 31. Bc1 Rxh5 32. Nb5 Rxh4 33.
Nxa7+ Kd7 34. Nb5 Rh2+ 35. Kb1 Rg2 36. d4 Kc6 37. a4 e5 38. dxe5 Bxe5 39. Na3
Kc5 40. Nc2 d4 41. Ne1 Re2 42. Nd3+ Kd5 43. a5 Bc7 44. Ba3 Rh2 45. a6 bxa6 46.
Nb4+ Ke5 47. Nxa6 Bd6 48. Bb2 Kd5 49. b4 Kc4 50. b5 Kb3 51. Bc1 Rh1 52. b6 Ba3
53. b7 Rxc1# 0-1

[Event "SERBIA CHESS OPEN 2021 – MASTERS"]
[Site "Belgrade, Hotel Metropol"]
[Date "2021.07.05"]
[Round "5.132"]
[White "Kostov, Deyan Samuil"]
[Black "Kovacevic, Radmila"]
[Result "1/2-1/2"]
[WhiteElo "2215"]
[BlackElo "2093"]
[PlyCount "102"]
[EventDate "2021.??.??"]

1. d4 e5 2. d5 Bc5 3. Nc3 d6 4. e4 a6 5. Nf3 Bg4 6. h3 Bxf3 7. Qxf3 Nd7 8. Bd3
Qf6 9. Qe2 Ne7 10. h4 h6 11. Bd2 Ng6 12. g3 Bd4 13. h5 Ngf8 14. Be3 Nc5 15. Nd1
Nfd7 16. Rh4 O-O-O 17. c3 Bxe3 18. Nxe3 g5 19. hxg6 Nxd3+ 20. Qxd3 fxg6 21. b4
g5 22. Ng4 Qf7 23. Rh2 h5 24. Ne3 Qf3 25. Qe2 Qxe4 26. Rxh5 Nf6 27. Rxh8 Rxh8
28. O-O-O Rh1 29. Kb2 Rxd1 30. Qxd1 Kb8 31. a4 b6 32. a5 b5 33. Kb3 Kb7 34. Kb2
c6 35. dxc6+ Kxc6 36. Qd2 g4 37. Nc2 Qf3 38. Qe3 Ne4 39. Qb6+ Kd7 40. Qxa6 Nxc3
41. Qa7+ Ke6 42. Qh7 Na4+ 43. Kc1 Qxf2 44. Qg8+ Ke7 45. Qg7+ Kd8 46. Qxg4 Kc7
47. Qg7+ Kc6 48. a6 Qg1+ 49. Kd2 Qf2+ 50. Kc1 Qg1+ 51. Kd2 Qf2+ 1/2-1/2

[Event "SERBIA CHESS OPEN 2021 – MASTERS"]
[Site "Belgrade, Hotel Metropol"]
[Date "2021.07.05"]
[Round "5.133"]
[White "Andrijevic, Milan"]
[Black "Stojkovic, Nenad P"]
[Result "1-0"]
[WhiteElo "2207"]
[BlackElo "2081"]
[PlyCount "63"]
[EventDate "2021.??.??"]

1. e4 c5 2. Nf3 d6 3. d4 cxd4 4. Nxd4 Nf6 5. Nc3 g6 6. Be2 Bg7 7. Be3 O-O 8.
O-O Nc6 9. Nb3 Be6 10. f4 Qc8 11. Bf3 Bg4 12. Kh1 Rb8 13. Bxg4 Qxg4 14. Qe1 Qc8
15. f5 Nd7 16. Qh4 Bf6 17. Bg5 Bxg5 18. Qxg5 Nf6 19. Rf3 Ne5 20. Rh3 Neg4 21.
Rh4 h6 22. Rxh6 Nxh6 23. Qxh6 Qc4 24. Nd2 Qc5 25. Rf1 Ng4 26. Qh4 Ne3 27. Rf3
Kg7 28. f6+ Kg8 29. Qh6 exf6 30. Nd5 Nxd5 31. Rh3 Rfd8 32. Qh8# 1-0

[Event "SERBIA CHESS OPEN 2021 – MASTERS"]
[Site "Belgrade, Hotel Metropol"]
[Date "2021.07.05"]
[Round "5.134"]
[White "Shpanko, Nadiia"]
[Black "Demchenko, Svitlana"]
[Result "1-0"]
[WhiteElo "2203"]
[BlackElo "2089"]
[PlyCount "105"]
[EventDate "2021.??.??"]

1. d4 Nf6 2. c4 e5 3. dxe5 Ng4 4. Bf4 g5 5. Bg3 Nc6 6. Nf3 Bg7 7. Qc1 Ngxe5 8.
Nxe5 Nxe5 9. e3 d6 10. h4 Bf5 11. Qd2 g4 12. h5 Qe7 13. Nc3 c6 14. O-O-O O-O-O
15. Bh4 Bf6 16. Bxf6 Qxf6 17. Qd4 Kb8 18. Qf4 g3 19. f3 Qe6 20. e4 Bg4 21. fxg4
Nxg4 22. Qxg3 Qh6+ 23. Kb1 Rhg8 24. Qf3 Ne5 25. Qf2 Ng4 26. Qh4 Rde8 27. Rh3
Ne3 28. Re1 Nxg2 29. Bxg2 Rxg2 30. Rd3 Qe6 31. Qf4 Qe5 32. Qxe5 Rxe5 33. Rxd6
Rxh5 34. Red1 a5 35. Rd8+ Ka7 36. R1d2 Rxd2 37. Rxd2 f5 38. Rd7 fxe4 39. Nxe4
Ka6 40. a4 Rh1+ 41. Ka2 h5 42. Nc5+ Kb6 43. Nxb7 c5 44. Nd8 h4 45. Rb7+ Ka6 46.
Rh7 Kb6 47. Rh6+ Kc7 48. Ne6+ Kd6 49. Nd4+ Kd7 50. Rh7+ Ke8 51. Ne6 h3 52. Nxc5
h2 53. Nb3 1-0

[Event "SERBIA CHESS OPEN 2021 – MASTERS"]
[Site "Belgrade, Hotel Metropol"]
[Date "2021.07.05"]
[Round "5.135"]
[White "Karacsonyi, Kata"]
[Black "Martic, Ivan"]
[Result "1/2-1/2"]
[WhiteElo "2107"]
[BlackElo "2314"]
[PlyCount "53"]
[EventDate "2021.??.??"]

1. e4 Nf6 2. e5 Nd5 3. d4 d6 4. c4 Nb6 5. exd6 exd6 6. Bd3 Be7 7. Ne2 Nc6 8.
Nd2 O-O 9. b3 Bf6 10. Bb2 Bg4 11. f3 Bh5 12. O-O d5 13. c5 Nc8 14. Bb5 Bg6 15.
Bxc6 bxc6 16. f4 Bh5 17. Nf3 Bxf3 18. Rxf3 Re8 19. Qd3 a5 20. Rh3 g6 21. f5 Qe7
22. Nc3 Bg7 23. Rf1 Qf6 24. Ne2 Qe7 25. Nc3 Qf6 26. Ne2 Qe7 27. Nc3 1/2-1/2

[Event "SERBIA CHESS OPEN 2021 – MASTERS"]
[Site "Belgrade, Hotel Metropol"]
[Date "2021.07.05"]
[Round "5.136"]
[White "Sterck, Arno"]
[Black "Teuschler, Barbara"]
[Result "1-0"]
[WhiteElo "2319"]
[BlackElo "2148"]
[PlyCount "83"]
[EventDate "2021.??.??"]

1. d4 Nf6 2. Nf3 b6 3. g3 Bb7 4. Bg2 g6 5. O-O Bg7 6. c4 O-O 7. d5 Ne4 8. Qc2
f5 9. Ng5 Nd6 10. Bf4 Na6 11. h4 Nc5 12. Nd2 e5 13. dxe6 Bxg2 14. Kxg2 h6 15.
Ngf3 dxe6 16. Rad1 Nd7 17. c5 Nxc5 18. b4 Ncb7 19. Nc4 Rc8 20. Qb3 Qe7 21. Nce5
Qe8 22. Nd4 Rf6 23. Ndc6 a5 24. a3 axb4 25. axb4 Nd8 26. b5 N8b7 27. Be3 Kh7
28. f3 Rf8 29. Bd4 Ra8 30. Rc1 Nf7 31. Rfd1 Na5 32. Nxa5 Rxa5 33. Rxc7 Rxb5 34.
Qc3 Rd5 35. Rd3 Bxe5 36. Bxe5 Rxd3 37. exd3 Kg8 38. Bg7 Qa8 39. Bxf8 Qa2+ 40.
Kh3 Kxf8 41. Qf6 e5 42. Rc8# 1-0

[Event "SERBIA CHESS OPEN 2021 – MASTERS"]
[Site "Belgrade, Hotel Metropol"]
[Date "2021.07.05"]
[Round "5.138"]
[White "Korkmaz, Necmettin"]
[Black "Zenelaj, Samuel"]
[Result "0-1"]
[WhiteElo "2101"]
[BlackElo "2244"]
[PlyCount "112"]
[EventDate "2021.??.??"]

1. e4 e5 2. Nc3 Nf6 3. Bc4 Nxe4 4. Qh5 Nd6 5. Bb3 Be7 6. Qxe5 O-O 7. d4 Nc6 8.
Qf4 Bf6 9. Nge2 Ne7 10. h4 Re8 11. Bd2 Ng6 12. Qg4 Nc4 13. Bg5 d5 14. Qh5 c6
15. Bxc4 dxc4 16. O-O-O Qe7 17. Ng3 Nf8 18. Nge4 Bxg5+ 19. hxg5 Bf5 20. Rhe1
Qc7 21. Qf3 Bxe4 22. Nxe4 Re6 23. Nc5 Re7 24. g3 Rae8 25. Qc3 b6 26. Na4 Qd6
27. Rxe7 Qxe7 28. Qd2 Ne6 29. f4 Rd8 30. Qe1 Qd6 31. Nc3 Nxd4 32. Ne4 Qf8 33.
c3 Ne6 34. f5 Nc7 35. f6 Rxd1+ 36. Qxd1 Nd5 37. Qd4 gxf6 38. Nxf6+ Nxf6 39.
gxf6 b5 40. Qg4+ Kh8 41. Kc2 Qg8 42. Qf4 Qg6+ 43. Kd2 h5 44. Ke3 Qd3+ 45. Kf2
Kh7 46. g4 Qc2+ 47. Kg3 Qg6 48. g5 Qd3+ 49. Kh4 Kg6 50. Qe5 Qf3 51. Qd4 Qg2 52.
Qf4 c5 53. b3 cxb3 54. axb3 a5 55. c4 bxc4 56. bxc4 Qg4+ 0-1

[Event "SERBIA CHESS OPEN 2021 – MASTERS"]
[Site "Belgrade, Hotel Metropol"]
[Date "2021.07.05"]
[Round "5.139"]
[White "Pavlov, Mark"]
[Black "Gregoric, Andraz"]
[Result "1-0"]
[WhiteElo "2195"]
[BlackElo "2107"]
[PlyCount "65"]
[EventDate "2021.??.??"]

1. d4 Nf6 2. Nf3 e6 3. c4 Bb4+ 4. Bd2 Qe7 5. g3 O-O 6. Bg2 d5 7. Qb3 a5 8. O-O
c6 9. Bg5 Bd6 10. Nbd2 Nbd7 11. e4 dxe4 12. Nxe4 Bc7 13. Rfe1 h6 14. Nxf6+ Nxf6
15. Bd2 Rd8 16. Bc3 a4 17. Qc2 Ba5 18. Rad1 Bxc3 19. Qxc3 Qc7 20. Ne5 Nd7 21.
c5 Nxe5 22. dxe5 Rxd1 23. Rxd1 Bd7 24. Rd6 Be8 25. a3 Qa5 26. Qd4 Qe1+ 27. Bf1
Kf8 28. Kg2 Ke7 29. Bc4 Qc1 30. Rxe6+ fxe6 31. Qd6+ Kf7 32. Qxe6+ Kf8 33. Qd6#
1-0

[Event "SERBIA CHESS OPEN 2021 – MASTERS"]
[Site "Belgrade, Hotel Metropol"]
[Date "2021.07.05"]
[Round "5.140"]
[White "Soubirou, Oriane"]
[Black "Rozman, Monika"]
[Result "1-0"]
[WhiteElo "2101"]
[BlackElo "2151"]
[PlyCount "69"]
[EventDate "2021.??.??"]

1. e4 e5 2. Nf3 Nc6 3. Bb5 a6 4. Ba4 Nf6 5. d3 Bc5 6. c3 b5 7. Bc2 O-O 8. O-O
d6 9. h3 h6 10. Re1 Re8 11. Nbd2 d5 12. Qe2 d4 13. a3 Be6 14. Nf1 a5 15. Ng3
Qd7 16. Rd1 Qe7 17. Nh4 dxc3 18. Nhf5 Bxf5 19. Nxf5 Qe6 20. bxc3 b4 21. axb4
axb4 22. Rxa8 Rxa8 23. d4 b3 24. d5 bxc2 25. dxe6 cxd1=Q+ 26. Qxd1 Ra1 27.
exf7+ Kf8 28. Kh2 Bxf2 29. Qc2 Bb6 30. Qb2 Ra5 31. Qb3 Nxe4 32. Qe6 Nf6 33.
Bxh6 gxh6 34. Qxf6 Ra1 35. Qg7# 1-0

[Event "SERBIA CHESS OPEN 2021 – MASTERS"]
[Site "Belgrade, Hotel Metropol"]
[Date "2021.07.05"]
[Round "5.141"]
[White "Katic, Goran"]
[Black "Papadopoulos, Panayotis"]
[Result "0-1"]
[WhiteElo "1963"]
[BlackElo "2216"]
[PlyCount "64"]
[EventDate "2021.??.??"]

1. e4 c5 2. c3 Nf6 3. e5 Nd5 4. Nf3 Nc6 5. Na3 d6 6. Nc4 Bg4 7. exd6 exd6 8.
Be2 Nf4 9. O-O Be7 10. Ne3 Bh5 11. Bb5 O-O 12. Bxc6 bxc6 13. Nf5 Nd3 14. Qe2
Ne5 15. d4 cxd4 16. cxd4 Nxf3+ 17. gxf3 Bf6 18. Ng3 Re8 19. Be3 Bg6 20. f4 Qd7
21. Qf3 Bd3 22. Rfd1 Bc4 23. Nh5 Bd5 24. Nxf6+ gxf6 25. Qh5 Kh8 26. Kf1 Rab8
27. b3 Rb5 28. Qh6 Bf3 29. Qxf6+ Kg8 30. Rd2 Rh5 31. f5 Rxh2 32. Qg5+ Kf8 0-1

[Event "SERBIA CHESS OPEN 2021 – MASTERS"]
[Site "Belgrade, Hotel Metropol"]
[Date "2021.07.05"]
[Round "5.142"]
[White "Djukic, Sandra"]
[Black "Garabetyan, Arno"]
[Result "1-0"]
[WhiteElo "2172"]
[BlackElo "2096"]
[PlyCount "65"]
[EventDate "2021.??.??"]

1. d4 Nf6 2. c4 e6 3. Nf3 d5 4. Nc3 Bb4 5. Bg5 h6 6. Bxf6 Qxf6 7. Rc1 O-O 8. e3
dxc4 9. Bxc4 c5 10. dxc5 Bxc5 11. O-O Qe7 12. a3 Nc6 13. Qc2 Bd7 14. Ba2 Bb6
15. Na4 Rac8 16. Nxb6 axb6 17. Bb1 g6 18. Qb3 b5 19. Rcd1 Na5 20. Qb4 Qd8 21.
Rxd7 Qxd7 22. Qxa5 Rfd8 23. h3 Qd5 24. Nd4 e5 25. Nxb5 Qb3 26. Be4 Qxb2 27.
Bxb7 Rb8 28. a4 Rd2 29. e4 Rc2 30. Qa7 Rf8 31. Bd5 Rc1 32. Rxc1 Qxc1+ 33. Kh2
1-0